| 000 | 00962cam a2200253 a 4500 | ||
|---|---|---|---|
| 999 |
_c2561 _d2561 |
||
| 003 | OSt | ||
| 005 | 20210714070557.0 | ||
| 008 | 080728s2009 enka b 001 0 eng | ||
| 020 | _a9780195338218 | ||
| 020 | _a0195338219 | ||
| 020 | _a9780195156485 | ||
| 020 | _a019515648X | ||
| 040 | _cDLC | ||
| 050 | 0 | 0 |
_aT15 _b.H42 2009 |
| 100 | 1 | _aHeadrick, Daniel R. | |
| 245 | 1 | 0 |
_aTechnology : _ba world history / _cDaniel R. Headrick. |
| 260 |
_aOxford ; _aNew York : _bOxford University Press, _c2009. |
||
| 300 |
_aix, 179 p. : _bill. ; _c25 cm. |
||
| 504 | _aIncludes bibliographical references (p. [151-159]) and index. | ||
| 650 | 0 |
_aTechnology _xHistory. |
|
| 906 |
_a7 _bcbc _corignew _d1 _eecip _f20 _gy-gencatlg |
||
| 942 |
_2lcc _cBK _nSO |
||